| 000 | 00860nam a22002777a 4500 | ||
|---|---|---|---|
| 001 | 9282 | ||
| 003 | FISKH | ||
| 005 | 20251209092430.0 | ||
| 008 | 251209b cb ||||| |||| 00| 0 eng d | ||
| 020 | _a9780816712267 | ||
| 040 |
_aFISKH _beng _cFISKH _dFISKH |
||
| 050 | _aPZ7.P1762 H | ||
| 082 | _a 508.2 | ||
| 100 | _aCraig, Janet | ||
| 245 |
_aHere comes winter / _cby Janet Craig ; Illustrated by G. Brian Karas |
||
| 260 |
_aUnited States : _bTroll Associates, _c1988. |
||
| 300 |
_a28 unnumbered pages : _bcolor illustrations ; _c16 cm |
||
| 505 | _aE | ||
| 520 | _aWhen the weather turns cold, Billy the rabbit buys the materials to make a coat. | ||
| 521 | 8 |
_a270
_bLexile estimate |
|
| 521 | 8 |
_aE
_bRaz-Plus |
|
| 650 |
_aSeasons _vWeather _xSnow |
||
| 700 |
_aKaras, G. Brian _eillustrator |
||
| 942 |
_2ddc _cBK _n0 |
||
| 999 |
_c9282 _d9282 |
||